Biblioteka Instytutu Północnego w Olsztynie

Historja prawa na zachodzie Europy / (Rekord nr 27750)

Szczegóły MARC
000 -Nagłówek
fixed length control field 01198nam a2200313 i 4500
001 - Nr kontrolny bibl., która utworzyła rek.
control field xx004200424
003 - Siglum bibl., której nr kontr. jest w 001
control field NUKAT
005 - Data i czas ostatniej operacji
control field 20260424202932.0
008 - Elementy pola stałej długości
fixed length control field 171212s1925 pl |000 0 pol c
035 ## - Systemowy numer kontrolny
systemowy numer kontrolny (OCoLC)1020437450
035 ## - Systemowy numer kontrolny
systemowy numer kontrolny (NUKAT)xx004200424
040 ## - Instytucja sporządzająca opis
Instytucja, która sporządziła opis Ł U/BWP
język katalgowania-trzyzn. kod pol
zasady opisu rda
Instytucja, która sporządziła rekord Ł U/BWP
Instytucja, która zmodyfikowała rekord Ł U/AS
-- Ł U/ASs
-- OLSZT 008/LL
099 ## - Dowolny opis lokalny sygnatury
symbol klasyfikacji ja2017017187
100 1# - Hasło główne-nazwa osobowa
Nazwa osobowa Koschembahr-Łyskowski, Ignacy
Daty biograficzne (1864-1945).
rodzaj współpracy Autor
9 (RLIN) 40481
245 10 - Tytuł właściwy i oznaczenie odpow.
tytuł Historja prawa na zachodzie Europy /
dod. inf. ze s. tyt./ozn. odpow. oprac. wykładów Ignacego Koschembahr-Łyskowskiego.
246 3# - Inne formy tytułu, wariant tytułu
tytuł Historia prawa na zachodzie Europy
250 ## - Oznaczenie wydania
oznaczenie wydania Wydanie VIII.
260 ## - Adres wydawniczy
miejsce wydania, dystrybucji itp. Warszawa :
nazwa wydawcy, dystrybutora itp. Tow. B. A. Bukaty,
data wydania, dystrybucji itp. 1925.
300 ## - Opis fizyczny
objętość i/lub forma materiału 192 strony ;
format 25 cm.
336 ## - Content Type
Term Tekst
Code txt
Source rdacontent
337 ## - Media Type
Term Bez urządzenia pośredniczącego
Code n
Source rdamedia
338 ## - Carrier Type
Term Wolumin
Code nc
Source rdacarrier
500 ## - Uwaga ogólna
uwaga ogólna Maszynopis powielany.
500 ## - Uwaga ogólna
uwaga ogólna Oznaczenie wydania na okładce.
510 4# - Uwaga o cytowaniu lub źródłach opisu bibliogr.
nazwa źródła BP 1901-1939,
lokaliz. opracowania w źródle T. 18, poz. 119872
650 #7 - Hasło przedmiotowe-nazwa pospolita
nazwa pospolita lub geogr. Prawo
określnik geograficzny Europa Zachodnia
określnik rzeczowy historia
określnik formy podręczniki akademickie.
źródło hasła kaba
9 (RLIN) 40483
710 2# - Hasło dodatkowe - nazwa ciała zbior.
nazwa ciała zbior. lub nazwa geogr. Zakłady Graficzne Towarzystwa B. A. Bukaty (Warszawa).
rodzaj współpracy Wydawca
kod rodzaju współpracy pbl
9 (RLIN) 40482
942 ## - ADDED ENTRY ELEMENTS (KOHA)
Source of classification or shelving scheme Dewey Decimal Classification
Koha item type pozycje dostępne na miejscu
Egzemplarze
Status wycofania Status zagubienia Klasyfikacja Status uszkodzenia Blokada wypożyczeń Kolekcja Lokalizacja macierzysta Lokalizacja bieżąca Data nabycia Numer akcesji Źródło akcesji Nr inwentarzowy il. wypożyczeń Sygnatura Kod kreskowy Date last seen Price effective from Typ egz.
    Dewey Decimal Classification nieuszkodzona   Pracownia Badań Księgozbiorów Historycznych Biblioteka Instytutu Północnego w Olsztynie Pracownia Badań Księgozbiorów Historycznych 24/04/2026 K-69/1965 kupno 16416   16416 IPWK16656 24/04/2026 24/04/2026 pozycje dostępne na miejscu
Biblioteka Instytutu Północnego, ul. Partyzantów 87, 10-402 Olsztyn, email: biblioteka(at)ip.olsztyn.pl